Saltar ao contenido

Основы теории гидропривода

В учебном пособии приведены общая характеристика гидропривода, устройство и функционирование насосов и гидродвигателей, гидроаппаратуры и вспомогательных устройств. Рассмотрены принципы функционирования объемного гидропривода, возможности его регулирования. В приложении дана расчетно-графическая раб...

Descrición completa

Gardado en:
Detalles Bibliográficos
Autor Principal: Ивановский Ю. К.
Outros autores: Моргунов К. П.
Formato: Книга
Idioma:Russian
Publicado: Санкт-Петербург Лань 2022
Acceso en liña:https://e.lanbook.com/book/212657
https://e.lanbook.com/img/cover/book/212657.jpg
Метки: Engadir etiqueta
Sen Etiquetas, Sexa o primeiro en etiquetar este rexistro!
LEADER 02232nam0a2200253 i 4500
001 212657
003 RuSpLAN
005 20221220174147.0
008 221220s2022 ru gs 000 0 rus
020 |a 978-5-8114-2955-4 
040 |a RuSpLAN 
041 0 |a rus 
044 |a ru 
245 0 0 |a Основы теории гидропривода  |c Ивановский Ю. К.,Моргунов К. П. 
260 |a Санкт-Петербург  |b Лань  |c 2022 
300 |a 200 с. 
504 |a Библиогр.: доступна в карточке книги, на сайте ЭБС Лань 
520 8 |a В учебном пособии приведены общая характеристика гидропривода, устройство и функционирование насосов и гидродвигателей, гидроаппаратуры и вспомогательных устройств. Рассмотрены принципы функционирования объемного гидропривода, возможности его регулирования. В приложении дана расчетно-графическая работа «Расчет объемного гидропривода». Издание предназначено для студентов и бакалавров технических факультетов вузов транспортного профиля, обучающихся по направлениям «Эксплуатация транспортно-технологических машин и комплексов», «Кораблестроение, океанотехника и системотехника объектов морской инфраструктуры», «Технологические машины и оборудование», «Строительство» и др. 
521 8 |a Книга из коллекции Лань - Инженерно-технические науки 
100 1 |a Ивановский Ю. К. 
700 1 |a Моргунов К. П. 
856 4 |u https://e.lanbook.com/book/212657 
856 4 8 |u https://e.lanbook.com/img/cover/book/212657.jpg 
953 |a https://e.lanbook.com/img/cover/book/212657.jpg